Head First JavaScript Programming (Record no. 11404)

MARC details
000 -LEADER
fixed length control field 00398nam a22001697a 4500
003 - CONTROL NUMBER IDENTIFIER
control field OSt
008 - FIXED-LENGTH DATA ELEMENTS--GENERAL INFORMATION
fixed length control field 220616b ||||| |||| 00| 0 eng d
020 ## - INTERNATIONAL STANDARD BOOK NUMBER
International Standard Book Number 9789351105411
082 ## - DEWEY DECIMAL CLASSIFICATION NUMBER
Classification number 005.2762 FRH
100 ## - MAIN ENTRY--PERSONAL NAME
Personal name FREEMAN, Eric
245 ## - TITLE STATEMENT
Title Head First JavaScript Programming
250 ## - EDITION STATEMENT
Edition statement 4th
260 ## - PUBLICATION, DISTRIBUTION, ETC. (IMPRINT)
Place of publication, distribution, etc Mumbai
Name of publisher, distributor, etc Oreilly
Date of publication, distribution, etc 2019
300 ## - PHYSICAL DESCRIPTION
Extent 661
700 ## - ADDED ENTRY--PERSONAL NAME
Personal name ROBSON,Elisabeth
942 ## - ADDED ENTRY ELEMENTS (KOHA)
Source of classification or shelving scheme Dewey Decimal Classification
Koha item type Text Books
Holdings
Withdrawn status Lost status Source of classification or shelving scheme Damaged status Not for loan Collection code Home library Current library Date acquired Source of acquisition Currency Cost, normal purchase price Bill Number Total Checkouts Full call number Acc. no. / Barcode Date last seen Date last borrowed Actual Cost, discounted price Bill Date Koha item type
    Dewey Decimal Classification     B.Tech(CSE) PIET C-LIBRARY PIET C-LIBRARY 14/06/2022 Kirti Prakashan Indian Rup 1800.00 IN381 5 005.2762 FRH 33752 24/04/2026 06/04/2026 1350.00 14/06/2022 Text Books

Design & Developed by: PIET Central Library
R70 Miles Stone Pattikalyana Samalkha Panipat 132102
mail ID :- [email protected], Phone No:- 0180-2569700 Ex.216